| 000 | 00396nam a2200157Ia 4500 | ||
|---|---|---|---|
| 008 | 231217s9999 xx 000 0 und d | ||
| 020 | _a8180000000000 | ||
| 041 | _aEnglish | ||
| 082 | _a338.43629222 MAN;1 R | ||
| 100 | _aMantravadi, Pramod M ed. | ||
| 245 | 0 | _aAutomobile sector V 2 | |
| 260 |
_c2002 _bIcfai _aHyderabad |
||
| 300 | _axii,196+xiv | ||
| 650 | _aAutomobile,V | ||
| 942 | _cAA | ||
| 999 |
_c188585 _d188585 |
||